Southville International School and Colleges
Your cart is empty.
  • Cart
  • Lists
    Public lists Eva Luna New books Lux_list list_1
    Your lists Log in to create your own lists
  • Log in to your account
  • Your cookies
  • Search history
Southville International School and Colleges
  • Advanced search
  • Recent comments
  • Most popular
  • Libraries

Log in to your account

Log in with GOOGLE


If you do not have an external account, but do have a local account, you can still log in:

  1. Home
  2. MARC view: Traps to avoid in good administration /
Normal view MARC view ISBD view

Traps to avoid in good administration / (Record no. 9593)

[ view plain ]
MARC details
000 -LEADER
fixed length control field 00677nam a2200241 i 4500
001 - CONTROL NUMBER
control field 849799
003 - CONTROL NUMBER IDENTIFIER
control field SISC
005 - DATE AND TIME OF LATEST TRANSACTION
control field 20160406130019.0
008 - FIXED-LENGTH DATA ELEMENTS--GENERAL INFORMATION
fixed length control field 790329s1979 tnua b 000 0 eng
010 ## - LIBRARY OF CONGRESS CONTROL NUMBER
LC control number 78067265
020 ## - INTERNATIONAL STANDARD BOOK NUMBER
International Standard Book Number 0805425357
040 ## - CATALOGING SOURCE
Original cataloging agency DLC
Transcribing agency DLC
Modifying agency DLC
050 00 - LIBRARY OF CONGRESS CALL NUMBER
Classification number HD 31
Item number .B497 1979
082 00 - DEWEY DECIMAL CLASSIFICATION NUMBER
Classification number HS 658.4
Item number Bi51 1979
100 1# - MAIN ENTRY--PERSONAL NAME
Personal name Bingham, Robert E.
9 (RLIN) 14240
245 10 - TITLE STATEMENT
Title Traps to avoid in good administration /
Statement of responsibility, etc Robert E. Bingham.
260 ## - PUBLICATION, DISTRIBUTION, ETC. (IMPRINT)
Place of publication, distribution, etc Nashville :
Name of publisher, distributor, etc Broadman Press,
Date of publication, distribution, etc c1979.
300 ## - PHYSICAL DESCRIPTION
Extent 140 p. :
Other physical details ill. ;
Dimensions 18 cm.
650 #0 - SUBJECT ADDED ENTRY--TOPICAL TERM
Topical term or geographic name as entry element Management.
9 (RLIN) 446
906 ## - LOCAL DATA ELEMENT F, LDF (RLIN)
a 7
b cbc
c orignew
d 2
e opcn
f 19
g y-gencatlg
942 ## - ADDED ENTRY ELEMENTS (KOHA)
Source of classification or shelving scheme Library of Congress Classification
Koha item type Books
Holdings
Withdrawn status Lost status Source of classification or shelving scheme Damaged status Home library Current library Shelving location Date acquired Total Checkouts Full call number Barcode Date last seen Copy number Price effective from Koha item type
    Library of Congress Classification   Luxembourg Library Luxembourg Library High School Section 08/28/2013   HD 31 .B497 1979 0928 04/06/2016 1 08/28/2013 Books

Traps to avoid in good administration /

APA

Bingham R. E., . (1979). Traps to avoid in good administration. Nashville: Broadman Press.

Chicago

Bingham Robert E, . 1979. Traps to avoid in good administration. Nashville: Broadman Press.

Harvard

Bingham R. E., . (1979). Traps to avoid in good administration. Nashville: Broadman Press.

MLA

Bingham Robert E, . Traps to avoid in good administration. Nashville: Broadman Press. 1979.

  • Place hold
  • Print
  • Cite
  • Add to your cart (remove)
  • Save record
    BIBTEX Dublin Core MARCXML MARC (non-Unicode/MARC-8) MARC (Unicode/UTF-8) MARC (Unicode/UTF-8, Standard) MODS (XML) RIS
  • More searches
    Search for this title in:
    Other Libraries (WorldCat) Other Databases (Google Scholar) Online Stores (Bookfinder.com) Open Library (openlibrary.org)

Exporting to Dublin Core...

SOUTHVILLE LIBRARY

Southville International School and Colleges Library

1281 Tropical Ave. Cor. Luxembourg St., BF Homes International, Las Pinas City

Tel. No. 8256374 / 252358 Loc. 117/146

Powered by Koha